[Event "Isle of Man Open"]
[Site "Douglas"]
[Date "26.10.2018"]
[Round "7.48"]
[White "Gormally, Daniel W"]
[Black "Serarols Mabras, Bernat"]
[Result "1/2-1/2"]
[WhiteTitle "GM"]
[BlackTitle "FM"]
[WhiteElo "2482"]
[BlackElo "2367"]
[WhiteFideId "406465"]
[BlackFideId "2238276"]
[EventDate "2018.10.20"]

1. e4 c6 2. d4 d5 3. e5 Bf5 4. Nf3 e6 5. Be2 Ne7 6. O-O c5 7. c4 Nbc6 8. Nc3
dxc4 9. dxc5 Nd5 10. Nd4 Nxc3 11. bxc3 Bd3 12. Bxd3 cxd3 13. Nxc6 bxc6 14. Qa4
Qc7 15. Be3 Be7 16. Rfd1 O-O 17. Rxd3 Qxe5 18. Qxc6 Rfc8 19. Qf3 Bxc5 20. Bxc5
Qxc5 21. g3 Qc6 22. Qxc6 Rxc6 23. Rb1 Rc7 24. Rbd1 g5 25. Rd8+ Rxd8 26. Rxd8+
Kg7 27. Ra8 h5 28. Kf1 Rxc3 29. Rxa7 Rc1+ 30. Kg2 1/2-1/2

[Event "Isle of Man Open"]
[Site "Douglas"]
[Date "26.10.2018"]
[Round "7.49"]
[White "Cornette, Deimante"]
[Black "Guramishvili, Sopiko"]
[Result "1/2-1/2"]
[WhiteTitle "IM"]
[BlackTitle "IM"]
[WhiteElo "2462"]
[BlackElo "2378"]
[WhiteFideId "12802859"]
[BlackFideId "13602888"]
[EventDate "2018.10.20"]

1. e4 g6 2. d4 Bg7 3. Nc3 d6 4. f4 Nf6 5. Nf3 O-O 6. Bd3 Nc6 7. e5 dxe5 8. fxe5
Nh5 9. Be3 Bg4 10. Be2 f6 11. exf6 Nxf6 12. Qd2 Nd5 13. Nxd5 Qxd5 14. O-O e5 15.
dxe5 Qxd2 16. Bc4+ Kh8 17. Bxd2 Nxe5 18. Nxe5 Bxe5 19. c3 Kg7 20. Rae1 Bd6 21.
Be3 h5 22. Bd4+ Kh6 23. Bd5 c6 24. Bf7 c5 25. Be3+ Kg7 26. Bd5 Rae8 27. Rxf8
Rxf8 28. c4 b6 29. Bd2 Bd7 30. Bc3+ Kh6 31. Bf3 Rf7 32. Bd5 Rf8 33. Bf3 Rf7 34.
Be5 Bxe5 35. Rxe5 Bf5 36. Bd5 Rd7 37. Kf2 Kg7 38. Re8 Kf6 1/2-1/2

[Event "Isle of Man Open"]
[Site "Douglas"]
[Date "26.10.2018"]
[Round "7.50"]
[White "Lubbe, Melanie"]
[Black "Vishnu Prasanna, V"]
[Result "0-1"]
[WhiteTitle "WGM"]
[BlackTitle "GM"]
[WhiteElo "2359"]
[BlackElo "2504"]
[WhiteFideId "4690745"]
[BlackFideId "5030692"]
[EventDate "2018.10.20"]

1. e4 c5 2. Nf3 d6 3. d4 cxd4 4. Nxd4 Nf6 5. Nc3 a6 6. Be3 e6 7. Be2 Nbd7 8. f4
Qc7 9. O-O b5 10. a3 Bb7 11. Bd3 Be7 12. Kh1 Rd8 13. Qf3 Nc5 14. Rae1 O-O 15.
Bc1 Rfe8 16. Qh3 Bf8 17. Nf3 e5 18. fxe5 dxe5 19. Nh4 Nh5 20. Qg4 Nf4 21. Nf5 g6
22. Ne3 Ncxd3 23. cxd3 Rxd3 24. Rd1 Rxc3 25. bxc3 Bxe4 26. Rd7 Qc6 27. Rfd1 Bc5
28. Rd8 Bxe3 29. Rxe8+ Kg7 30. Rg1 Bxc1 31. Rxe5 h5 32. Qg3 h4 33. Qg4 h3 34.
Rxc1 Bxg2+ 35. Kg1 Qb6+ 0-1

[Event "Isle of Man Open"]
[Site "Douglas"]
[Date "26.10.2018"]
[Round "7.51"]
[White "Cramling, Pia"]
[Black "Gavilan Diaz, Mario"]
[Result "1-0"]
[WhiteTitle "GM"]
[BlackTitle "FM"]
[WhiteElo "2465"]
[BlackElo "2334"]
[WhiteFideId "1700030"]
[BlackFideId "2260905"]
[EventDate "2018.10.20"]

1. Nf3 d5 2. d4 Nf6 3. c4 e6 4. g3 dxc4 5. Bg2 Nc6 6. O-O Rb8 7. e3 b5 8. Qe2
Be7 9. b3 cxb3 10. axb3 a6 11. Bb2 O-O 12. Rc1 Bb7 13. Nbd2 Nb4 14. Ne5 Bxg2 15.
Kxg2 Nd7 16. Nc6 Nxc6 17. Rxc6 Rb6 18. Rxa6 Rxc6 19. Rxc6 Qa8 20. Qf3 Bd6 21.
Rc2 Qa5 22. e4 e5 23. Qf5 exd4 24. Qxd7 d3 25. Rc3 Be5 26. Qxd3 Bxc3 27. Bxc3
Qb6 28. b4 Qc6 29. f3 Ra8 30. Qd4 Qg6 31. f4 h5 32. h3 Ra2 33. Kf3 Ra3 34. Nb1
Ra2 35. Nd2 Ra3 36. Kf2 Ra2 37. Kg2 Kh7 38. Kf3 Ra3 39. Kf2 Ra2 40. Qe5 c6 41.
f5 Qg5 42. Ke2 Ra3 43. Nf3 Ra2+ 44. Kd3 Qd8+ 45. Ke3 f6 46. Ng5+ 1-0

[Event "Isle of Man Open"]
[Site "Douglas"]
[Date "26.10.2018"]
[Round "7.52"]
[White "Prithu, Gupta"]
[Black "Dubinski, Mateusz"]
[Result "1-0"]
[WhiteTitle "IM"]
[BlackTitle "FM"]
[WhiteElo "2458"]
[BlackElo "2327"]
[WhiteFideId "46618546"]
[BlackFideId "1125923"]
[EventDate "2018.10.20"]

1. e4 e5 2. Nf3 Nc6 3. Bb5 a6 4. Ba4 Nf6 5. d3 d6 6. c3 g6 7. O-O Bg7 8. h3 O-O
9. Be3 h6 10. Nbd2 Re8 11. b4 b5 12. Bb3 d5 13. Bc5 d4 14. cxd4 exd4 15. a4 Bb7
16. axb5 axb5 17. Rxa8 Qxa8 18. Nh4 Nd7 19. Nxg6 Nxc5 20. bxc5 Qd8 21. Nf4 Ne5
22. Nh5 Qh4 23. Nxg7 Kxg7 24. f4 Ng6 25. f5 Ne5 26. f6+ Kh7 27. Nf3 Qg3 28. Nxe5
Qxe5 29. Bxf7 Rf8 30. Qh5 1-0

[Event "Isle of Man Open"]
[Site "Douglas"]
[Date "26.10.2018"]
[Round "7.53"]
[White "Sadhwani, Raunak"]
[Black "Kolbus, Dietmar"]
[Result "1-0"]
[WhiteTitle "IM"]
[BlackTitle "IM"]
[WhiteElo "2438"]
[BlackElo "2313"]
[WhiteFideId "35093487"]
[BlackFideId "4610628"]
[EventDate "2018.10.20"]

1. e4 e6 2. d4 d5 3. Nc3 Bb4 4. e5 Ne7 5. a3 Bxc3+ 6. bxc3 b6 7. Qg4 Ng6 8. h4
h5 9. Qg3 Ba6 10. Bxa6 Nxa6 11. Ne2 Qd7 12. Nf4 Nxf4 13. Bxf4 Kf8 14. a4 Nb8 15.
Qf3 Nc6 16. g4 hxg4 17. Qxg4 Ne7 18. a5 b5 19. h5 Rh7 20. h6 g6 21. Bc1 Nf5 22.
Ba3+ Ke8 23. a6 c6 24. Bc5 Qc8 25. Kd2 Kd7 26. Rh3 Qh8 27. Qg5 Qd8 28. Qxd8+
Kxd8 29. Ke2 Ke8 30. Kf3 f6 31. Rah1 Kf7 32. Kg4 Rah8 33. exf6 Kxf6 34. f4 Ra8
35. Kf3 Rah8 36. Ke2 Ra8 37. Kd2 Rd8 38. Kc1 Ra8 39. Kb2 Rah8 40. Kb3 Rb8 41.
Kb4 Rbh8 42. Ka5 Ra8 43. Re1 Rb8 44. Rh2 Re8 45. Ba3 Rc8 46. Bb4 Rb8 47. Bc5 Ra8
48. Rh3 Rah8 49. Ba3 Rb8 50. Re5 Rbh8 51. Bc5 Ra8 52. Re2 Rah8 53. Rg2 Ra8 54.
Rg5 Rah8 55. Kb4 Ra8 56. Rh1 Rd8 57. Rh3 Rdh8 58. Rg1 Ra8 59. Rh2 Rc8 60. Re1
Re8 61. Ka5 Ra8 62. Ba3 Rc8 63. Rh3 Rb8 64. Bc5 Ra8 65. c4 dxc4 66. c3 Rd8 67.
Rh2 Re8 68. Rhe2 Rd7 69. Rh2 Rh7 70. Re5 Ng3 71. Rh3 Nf5 72. Rh1 Rd7 73. h7 Rh8
74. Rhe1 Ng7 75. d5 cxd5 76. Bd4 Kf7 77. Rxe6 Rxh7 78. Rf6+ Kg8 79. Rxg6 Kf8 80.
Rf6+ Rf7 81. Bc5+ Kg8 82. Rxf7 Kxf7 83. Re7+ Kg6 84. Bd4 Nf5 85. Rxh7 Kxh7 86.
Bxa7 d4 87. cxd4 c3 88. Bc5 c2 89. Ba3 Nxd4 90. Kb6 b4 91. Bb2 Ne2 92. a7 Nxf4
93. a8=Q 1-0

[Event "Isle of Man Open"]
[Site "Douglas"]
[Date "26.10.2018"]
[Round "7.54"]
[White "Kulkarni, Rakesh"]
[Black "Soumya, Swaminathan"]
[Result "1-0"]
[BlackTitle "WGM"]
[WhiteElo "2297"]
[BlackElo "2423"]
[WhiteFideId "5037077"]
[BlackFideId "5016193"]
[EventDate "2018.10.20"]

1. d4 g6 2. e4 Bg7 3. Nc3 d6 4. Be3 a6 5. a4 Nf6 6. f3 Nbd7 7. Qd2 b6 8. g4 h6
9. Rd1 Bb7 10. Nge2 c6 11. Ng3 b5 12. Be2 Qc7 13. O-O e5 14. dxe5 dxe5 15. axb5
axb5 16. Bxb5 cxb5 17. Nxb5 Qb8 18. Qd6 Qxd6 19. Nxd6+ Ke7 20. Nxb7 Rhb8 21. Nd6
Rxb2 22. Rf2 Bf8 23. h4 Ke6 24. Rfd2 Ra6 25. Ndf5 Bb4 26. Ng7+ Ke7 27. Rd3 Bc5
28. Bxc5+ Nxc5 29. Rd8 Nb7 30. Rb8 Nd7 31. Re8+ Kf6 32. N7f5 Rxc2 33. Ne3 Rd6
34. Rxd6+ Nxd6 35. Nd5+ Kg7 36. Rd8 Nc5 37. Rxd6 Nd3 38. Ne3 Rc1+ 39. Ngf1 Nf4
40. Rd1 Rc3 41. Kf2 Ne6 42. Rd5 Kf6 43. Ra5 Rc5 44. Nd5+ Kg7 45. Rxc5 Nxc5 46.
Nd2 Nd3+ 47. Ke2 Nb2 48. Nb6 1-0

[Event "Isle of Man Open"]
[Site "Douglas"]
[Date "26.10.2018"]
[Round "7.55"]
[White "Munguntuul, Batkhuyag"]
[Black "Pranav, Anand"]
[Result "1-0"]
[WhiteTitle "IM"]
[BlackTitle "FM"]
[WhiteElo "2422"]
[BlackElo "2269"]
[WhiteFideId "4900758"]
[BlackFideId "46626786"]
[EventDate "2018.10.20"]

1. e4 e5 2. Nf3 Nc6 3. Bb5 a6 4. Ba4 Nf6 5. Qe2 b5 6. Bb3 Be7 7. O-O O-O 8. c3
d5 9. d3 Be6 10. Nbd2 h6 11. exd5 Nxd5 12. Ne4 Re8 13. Bd2 f5 14. Ng3 Bf6 15.
Rfe1 g5 16. h3 Bh8 17. a4 b4 18. cxb4 Ndxb4 19. Bxe6+ Rxe6 20. Bxb4 Nxb4 21.
Nxf5 Qxd3 22. Qe4 Qxe4 23. Rxe4 Nd3 24. Rd1 Nxb2 25. Rd2 Rb8 26. h4 Rf6 27. Ne7+
Kh7 28. Rd7 Rxf3 29. gxf3 Rf8 30. Rd2 Rb8 31. h5 c5 32. Rd7 Rb3 33. Ng6+ Kg8 34.
Nxh8 Kxh8 35. Rxe5 Rb8 36. Rxc5 Nxa4 37. Rc6 Nb6 38. Rxh6+ Kg8 39. Rg6+ Kh8 40.
Rdd6 Nc4 41. Rh6+ 1-0

[Event "Isle of Man Open"]
[Site "Douglas"]
[Date "26.10.2018"]
[Round "7.56"]
[White "Fenil, Shah"]
[Black "Ragnarsson, Dagur"]
[Result "1-0"]
[WhiteTitle "IM"]
[BlackTitle "FM"]
[WhiteElo "2411"]
[BlackElo "2251"]
[WhiteFideId "5019850"]
[BlackFideId "2304058"]
[EventDate "2018.10.20"]

1. d4 Nf6 2. Nf3 g6 3. Nc3 d5 4. Bf4 Bg7 5. Nb5 Na6 6. e3 O-O 7. Be2 c6 8. Nc3
b6 9. Ne5 Nb8 10. h4 Nfd7 11. h5 Nxe5 12. Bxe5 f6 13. Bg3 e5 14. hxg6 hxg6 15.
dxe5 fxe5 16. e4 Be6 17. Bg4 Bf7 18. Qd2 d4 19. Ne2 Nd7 20. Bh4 Nf6 21. Ng3 Qd6
22. Be2 Nh7 23. a4 c5 24. c4 Be6 25. Bd3 a6 26. Rc1 Qc6 27. Bg5 Qxa4 28. Ke2 Qb4
29. Qxb4 cxb4 30. Be7 Rf7 31. Bxb4 Rc8 32. b3 Nf6 33. Nf1 b5 34. Nd2 Nh5 35. g3
Bg4+ 36. Ke1 Rb7 37. Rc2 Be6 38. Bd6 Rc6 39. c5 Rd7 40. b4 Rdxd6 41. cxd6 Rxd6
42. Rc7 Rb6 43. Nf3 Bf8 44. Nxe5 Bxb4+ 45. Ke2 Bd6 46. Rc6 Rxc6 47. Nxc6 Bg4+
48. Kd2 Bf3 49. Ra1 Nf6 50. Rxa6 Bxe4 51. Nxd4 Bb4+ 52. Ke3 Bxd3 53. Rxf6 Kg7
54. Rb6 Bc4 55. Rb7+ Kh6 56. Nxb5 Bc5+ 57. Nd4 Ba3 58. Rc7 Bd5 59. f4 Kh5 60.
Rh7+ Kg4 61. Kf2 g5 62. Rg7 Be7 63. Rxe7 gxf4 64. Rg7+ 1-0

[Event "Isle of Man Open"]
[Site "Douglas"]
[Date "26.10.2018"]
[Round "7.57"]
[White "Janzelj, Lara"]
[Black "Houska, Jovanka"]
[Result "0-1"]
[WhiteTitle "WFM"]
[BlackTitle "IM"]
[WhiteElo "2244"]
[BlackElo "2402"]
[WhiteFideId "14608391"]
[BlackFideId "405094"]
[EventDate "2018.10.20"]

1. d4 d5 2. c4 e6 3. Nc3 c6 4. e3 Nf6 5. Nf3 Nbd7 6. Bd3 dxc4 7. Bxc4 b5 8. Bd3
b4 9. Ne2 Bb7 10. O-O Be7 11. Ng3 c5 12. dxc5 O-O 13. c6 Bxc6 14. Nd4 Bb7 15.
Bd2 Qb6 16. a3 a5 17. Be2 Nc5 18. Be1 b3 19. Bf3 Nd5 20. Bxd5 Bxd5 21. Ndf5 exf5
22. Qxd5 Bf6 23. Nh5 Bxb2 24. Rb1 Rfd8 25. Qxf5 g6 26. Qf3 Be5 27. Ng3 b2 28.
Qe2 Rd3 29. f4 Bg7 30. Bf2 Rad8 31. e4 Rd2 32. Qc4 Rxf2 33. Kxf2 Nxe4+ 34. Ke2
Nc3+ 35. Kf3 Qb7+ 36. Kg4 Nxb1 37. Rxb1 Qxg2 38. Qc7 Bf6 0-1

[Event "Isle of Man Open"]
[Site "Douglas"]
[Date "26.10.2018"]
[Round "7.58"]
[White "Grant, Jonathan I M"]
[Black "Rahul, Srivatshav P"]
[Result "0-1"]
[BlackTitle "IM"]
[WhiteElo "2203"]
[BlackElo "2395"]
[WhiteFideId "2400294"]
[BlackFideId "25059653"]
[EventDate "2018.10.20"]

1. c4 e5 2. Nc3 d6 3. g3 f5 4. Bg2 Nf6 5. d3 Be7 6. e4 fxe4 7. dxe4 O-O 8. Nge2
c6 9. O-O Be6 10. b3 a6 11. Be3 b5 12. cxb5 axb5 13. h3 Qc8 14. Kh2 Nbd7 15. f4
Nc5 16. f5 Bf7 17. b4 Na4 18. Nxa4 Rxa4 19. a3 Qa8 20. Qc1 Bc4 21. Re1 d5 22.
exd5 cxd5 23. Bg5 h6 24. Bd2 Bd6 25. Nc3 Ra6 26. g4 Qa7 27. a4 Qf2 28. Kh1 e4
29. Be3 Qg3 30. Bg1 Nxg4 31. Qd2 Bf4 32. Qb2 e3 33. Nd1 Be5 0-1

[Event "Isle of Man Open"]
[Site "Douglas"]
[Date "26.10.2018"]
[Round "7.59"]
[White "Hemant, Sharma2"]
[Black "Piasetski, Leon"]
[Result "1-0"]
[WhiteTitle "IM"]
[BlackTitle "IM"]
[WhiteElo "2393"]
[BlackElo "2252"]
[WhiteFideId "5025842"]
[BlackFideId "2600072"]
[EventDate "2018.10.20"]

1. e4 c5 2. Nf3 e6 3. d3 Nc6 4. g3 d5 5. Nbd2 Nf6 6. Bg2 Be7 7. O-O Qc7 8. Re1
b6 9. a3 Bb7 10. e5 Nd7 11. Qe2 g5 12. c4 O-O-O 13. cxd5 exd5 14. Nb3 h6 15. e6
fxe6 16. Qxe6 Qd6 17. Bd2 Qxe6 18. Rxe6 Bf6 19. Bc3 Bxc3 20. bxc3 Rdf8 21. Rae1
Kc7 22. d4 Rh7 23. dxc5 bxc5 24. h4 c4 25. Nbd4 g4 26. Rxc6+ Bxc6 27. Ne6+ Kd6
28. Nxf8 Nxf8 29. Nd4 Bd7 30. Rd1 Ng6 31. Nc2 Be6 32. Ne3 Ne5 33. Bxd5 Bxd5 34.
Rxd5+ Ke6 35. Kg2 Rb7 36. Rd4 h5 37. Re4 Kf6 38. Rf4+ Kg6 39. Nxc4 Nd3 40. Rd4
Ne1+ 41. Kf1 Nf3 42. Rd6+ Kg7 43. Ke2 Rb1 44. Rd7+ Kf6 45. Rxa7 Re1+ 46. Kd3 Rf1
47. Ke3 Rc1 48. Kd3 Rf1 49. Ra6+ Kg7 50. Ra5 Kh6 51. Rb5 Rxf2 52. a4 Ne1+ 53.
Ke3 Rf3+ 54. Kd2 Nd3 55. a5 Nf2 56. a6 Ne4+ 57. Ke1 1-0

[Event "Isle of Man Open"]
[Site "Douglas"]
[Date "26.10.2018"]
[Round "7.60"]
[White "Hoefelsauer, Thomas"]
[Black "Byron, Alan M"]
[Result "1-0"]
[WhiteTitle "FM"]
[WhiteElo "2380"]
[BlackElo "2136"]
[WhiteFideId "24668842"]
[BlackFideId "401773"]
[EventDate "2018.10.20"]

1. d4 Nf6 2. Nf3 g6 3. c4 Bg7 4. g3 O-O 5. Bg2 d6 6. Nc3 Nc6 7. O-O a6 8. b3 Rb8
9. d5 Na5 10. Bg5 c5 11. dxc6 Nxc6 12. Rc1 h6 13. Be3 Ng4 14. Bd2 Kh7 15. Nd5
Bd7 16. h3 Nf6 17. Bc3 Ne8 18. Nd4 e6 19. Ne3 f5 20. Nec2 Ne7 21. e3 b5 22. cxb5
axb5 23. Nb4 Qb6 24. a4 bxa4 25. bxa4 d5 26. a5 Qa7 27. Nd3 Rf7 28. Rb1 Rc8 29.
Bb4 Rc4 30. Qb3 Nc6 31. Nxc6 Bxc6 32. Rfc1 Bb5 33. Bf1 Rxc1 34. Rxc1 Bc4 35. Qa4
Qa8 36. Nc5 Bxf1 37. Rxf1 Nc7 38. a6 d4 39. Bd2 dxe3 40. Bxe3 e5 41. Qb3 Nd5 42.
Rb1 Nxe3 43. Qxe3 f4 44. Qe4 Qd8 45. g4 h5 46. gxh5 Qg5+ 47. Kh2 Qxh5 48. Rb7
Rf6 49. a7 Qh4 50. Nd3 Ra6 51. Rxg7+ Kxg7 52. Qb7+ 1-0

[Event "Isle of Man Open"]
[Site "Douglas"]
[Date "26.10.2018"]
[Round "7.61"]
[White "House, Glenn L"]
[Black "Merry, Alan B"]
[Result "0-1"]
[WhiteTitle "FM"]
[BlackTitle "IM"]
[WhiteElo "2180"]
[BlackElo "2435"]
[WhiteFideId "406228"]
[BlackFideId "418811"]
[EventDate "2018.10.20"]

1. Nf3 c5 2. e4 Nf6 3. d3 Nc6 4. g3 d5 5. Nbd2 g6 6. Bg2 Bg7 7. O-O O-O 8. a4 e5
9. exd5 Nxd5 10. c3 b6 11. Nc4 Rb8 12. Re1 Re8 13. Ng5 Rf8 14. Qb3 h6 15. Nf3
Be6 16. Qc2 Qc7 17. Qe2 Rbe8 18. Nh4 Kh7 19. Qc2 Rd8 20. Ne3 Rfe8 21. Nf3 Qd7
22. Nc4 f6 23. Bf1 Nde7 24. Nfd2 f5 25. Qb3 g5 26. Qb5 Nd5 27. Bg2 Rb8 28. a5 a6
29. Qxa6 Nc7 30. Qxb6 Rxb6 31. Nxb6 Qd6 32. Ndc4 Bxc4 33. Nxc4 Qxd3 34. Bxc6 Re6
35. Bb7 Qxc4 0-1

[Event "Isle of Man Open"]
[Site "Douglas"]
[Date "26.10.2018"]
[Round "7.62"]
[White "Wallace, John Paul"]
[Black "Wall, Tim P"]
[Result "1-0"]
[WhiteTitle "IM"]
[BlackTitle "FM"]
[WhiteElo "2377"]
[BlackElo "2253"]
[WhiteFideId "3200957"]
[BlackFideId "401641"]
[EventDate "2018.10.20"]

1. d4 Nf6 2. Nf3 c5 3. d5 b5 4. Bg5 Qb6 5. Nc3 b4 6. Na4 Qa5 7. b3 d6 8. Nd2 g6
9. e4 Bg7 10. Bd3 O-O 11. O-O Qc7 12. c4 bxc3 13. Nxc3 Ba6 14. Nc4 Nbd7 15. Rc1
Rfe8 16. h3 Rab8 17. Bf4 Nh5 18. Bh2 Bxc4 19. Bxc4 Qa5 20. Qc2 Rec8 21. Nb1 Be5
22. f4 Bd4+ 23. Kh1 Nb6 24. Be2 Nf6 25. Rf3 c4 26. bxc4 Qc5 27. Nd2 Qb4 28. Nb3
Bc5 29. e5 Nfxd5 30. cxd5 Be3 31. Qxc8+ Rxc8 32. Rxc8+ Nxc8 33. Rxe3 Qe1+ 34.
Bg1 Nb6 35. exd6 exd6 36. Bf3 Qb1 37. Re2 Nc4 38. Kh2 a5 39. Re8+ Kg7 40. Bd4+
f6 41. Re7+ Kf8 42. Bxf6 Qf5 43. Bg5 Ne5 44. Be2 1-0

[Event "Isle of Man Open"]
[Site "Douglas"]
[Date "26.10.2018"]
[Round "7.63"]
[White "Mortazavi, Ali"]
[Black "Agrest, Inna"]
[Result "1/2-1/2"]
[WhiteTitle "IM"]
[BlackTitle "WIM"]
[WhiteElo "2353"]
[BlackElo "2283"]
[WhiteFideId "401323"]
[BlackFideId "1708830"]
[EventDate "2018.10.20"]

1. d4 Nf6 2. Bg5 c5 3. Nc3 cxd4 4. Qxd4 Nc6 5. Qh4 h6 6. e4 Qa5 7. Bd2 g5 8. Qg3
Bg7 9. Bd3 d6 10. Nd5 Qd8 11. Bc3 Nh5 12. Qf3 Bxc3+ 13. Nxc3 Ne5 14. Bb5+ Kf8
15. Qe3 Nf4 16. O-O-O Nxg2 17. Qg3 Nf4 18. h4 Rg8 19. hxg5 hxg5 20. Nf3 Nxf3 21.
Qxf3 a6 22. Bc4 Qc7 23. Bb3 Be6 24. Bxe6 fxe6 25. Rdg1 Qc5 26. Nd5 Rc8 27. c3
exd5 28. Rxg5 Rxg5 29. Qxf4+ Ke8 30. Qxg5 Kd7 31. Qf5+ Kc7 32. exd5 Kb6 33. a3
Qc4 34. Kb1 Rc5 35. Rd1 Qe2 36. Rd4 Rb5 37. b4 Qe1+ 38. Kb2 e5 39. Rd3 Qe2+ 40.
Kb3 Qe1 41. Re3 Qd1+ 42. Qc2 Rxd5 43. Qxd1 Rxd1 44. f4 exf4 45. Rf3 a5 46. Rxf4
axb4 47. axb4 Rd2 48. Rf6 Kc6 49. Rf7 Kb6 50. Kc4 d5+ 51. Kb3 Rd1 52. Rf6+ Kc7
53. Rf4 Kc6 54. Rh4 Kb6 55. Kc2 Rg1 56. Rh2 Kb5 57. Rh7 Kc6 58. Rh8 Kc7 59. Rh6
Rg3 60. b5 Rf3 61. Kb2 Rg3 62. Rf6 Rh3 63. Rg6 1/2-1/2

[Event "Isle of Man Open"]
[Site "Douglas"]
[Date "26.10.2018"]
[Round "7.64"]
[White "Rapport, Jovana"]
[Black "Paramzina, Anastasya"]
[Result "1-0"]
[WhiteTitle "WGM"]
[BlackTitle "WGM"]
[WhiteElo "2350"]
[BlackElo "2243"]
[WhiteFideId "937266"]
[BlackFideId "4165012"]
[EventDate "2018.10.20"]

1. d4 Nf6 2. Nf3 g6 3. c4 Bg7 4. Nc3 O-O 5. e4 d6 6. Be3 Ng4 7. Bg5 h6 8. Bh4 g5
9. Bg3 e6 10. h3 Nf6 11. e5 dxe5 12. Bxe5 Nc6 13. Bd3 Nxe5 14. dxe5 Nd7 15. Qe2
f6 16. exf6 Qxf6 17. O-O Nc5 18. Bc2 c6 19. Rae1 e5 20. Nxe5 Bf5 21. Ng4 Qg6 22.
Bxf5 Rxf5 23. Qc2 Raf8 24. b4 Ne6 25. Ne3 R5f6 26. Qxg6 Rxg6 27. Ne2 Nf4 28.
Nxf4 gxf4 29. Ng4 Rf5 30. Re8+ Kh7 31. Rfe1 Rfg5 32. R1e6 h5 33. Rxg6 Rxg6 34.
Ne5 Rd6 35. Nf3 b5 36. c5 Rd5 37. Re7 Rd1+ 38. Kh2 Rb1 39. Nd4 Kg6 40. Nxc6 Bf6
41. Re2 Rc1 42. Nxa7 Kf5 43. Nxb5 Be5 44. Nd6+ Ke6 45. g3 Kd5 46. gxf4 Bxf4+ 47.
Kg2 Bxd6 48. cxd6 Kxd6 1-0

[Event "Isle of Man Open"]
[Site "Douglas"]
[Date "26.10.2018"]
[Round "7.65"]
[White "Leutwyler, Martin"]
[Black "Arakhamia-Grant, Ketevan"]
[Result "1/2-1/2"]
[BlackTitle "GM"]
[WhiteElo "2142"]
[BlackElo "2345"]
[WhiteFideId "1301969"]
[BlackFideId "13600168"]
[EventDate "2018.10.20"]

1. d4 Nf6 2. Nf3 c5 3. d5 b5 4. Bg5 Qb6 5. Bxf6 Qxf6 6. c3 g6 7. e4 Qb6 8. a4 b4
9. a5 Qb7 10. Qc2 Bg7 11. Nbd2 bxc3 12. bxc3 O-O 13. Nc4 d6 14. Bd3 Qc7 15. O-O
Ba6 16. Nfd2 Nd7 17. Rfb1 Rab8 18. Rxb8 Rxb8 19. Ra3 e6 20. Ne3 Bxd3 21. Qxd3
Ne5 22. Qc2 Bh6 23. Ndc4 Nxc4 24. Nxc4 exd5 25. exd5 Qb7 26. Ra1 Qxd5 27. Qe2
Qc6 28. h3 Re8 29. Qd3 d5 30. Ne3 Bxe3 31. fxe3 h5 32. Rd1 Re5 33. Rb1 Qe6 34.
Qb5 Rxe3 35. Qxc5 a6 36. Rd1 Re5 37. Kh2 Rg5 38. Rf1 Kg7 39. Kg1 Re5 40. Qd4 Kg8
41. Rd1 g5 42. Rb1 h4 43. Kh2 Qd6 44. Kg1 Re4 45. Qb6 Qg3 46. Qxa6 Re1+ 47. Rxe1
Qxe1+ 48. Kh2 Qxc3 49. Qa8+ Kg7 50. Qxd5 Qg3+ 51. Kg1 Qe1+ 52. Kh2 Qg3+ 1/2-1/2

[Event "Isle of Man Open"]
[Site "Douglas"]
[Date "26.10.2018"]
[Round "7.66"]
[White "Dahl, Baard"]
[Black "Wu, Li"]
[Result "1/2-1/2"]
[WhiteElo "2113"]
[BlackElo "2335"]
[WhiteFideId "444251"]
[BlackFideId "411086"]
[EventDate "2018.10.20"]

1. e4 c5 2. Nf3 Nc6 3. d4 cxd4 4. Nxd4 g6 5. c4 Nf6 6. Nc3 Nxd4 7. Qxd4 d6 8.
Be3 Bg7 9. f3 O-O 10. Qd2 a5 11. Na4 Nd7 12. Bd4 Bxd4 13. Qxd4 b6 14. h4 Nc5 15.
Nc3 f6 16. O-O-O a4 17. g4 Ra7 18. Be2 Rd7 19. Rd2 Bb7 20. Bd1 Bc6 21. Rdh2 e6
22. Bc2 d5 23. cxd5 exd5 24. exd5 Bxd5 25. Nxd5 Rxd5 26. Qc4 Rf7 27. Rd1 Rxd1+
28. Bxd1 Kg7 29. Rd2 Rd7 30. Rxd7+ Qxd7 1/2-1/2

[Event "Isle of Man Open"]
[Site "Douglas"]
[Date "26.10.2018"]
[Round "7.67"]
[White "Bellin, Robert"]
[Black "Laustsen, Lars"]
[Result "1-0"]
[WhiteTitle "IM"]
[WhiteElo "2326"]
[BlackElo "2236"]
[WhiteFideId "400343"]
[BlackFideId "1407554"]
[EventDate "2018.10.20"]

1. e4 c5 2. Nf3 d6 3. d4 cxd4 4. Nxd4 Nf6 5. Nc3 a6 6. Bg5 e6 7. f4 Nbd7 8. Qe2
Qc7 9. O-O-O b5 10. a3 Be7 11. g4 Bb7 12. Bh4 Nxe4 13. Nxe4 Bxh4 14. Nxe6 fxe6
15. Nxd6+ Ke7 16. Nxb7 Qxb7 17. Bg2 Qc7 18. Bxa8 Rxa8 19. Kb1 Nc5 20. g5 Qxf4
21. Rhf1 Qe4 22. Qh5 Qg6 23. Qxh4 Rc8 24. Qd4 a5 25. Qd6+ Ke8 26. Qf8# 1-0

[Event "Isle of Man Open"]
[Site "Douglas"]
[Date "26.10.2018"]
[Round "7.68"]
[White "Sahl, Bjarke"]
[Black "Allen, Keith"]
[Result "1/2-1/2"]
[WhiteTitle "IM"]
[WhiteElo "2322"]
[BlackElo "2216"]
[WhiteFideId "1400231"]
[BlackFideId "2501147"]
[EventDate "2018.10.20"]

1. Nf3 d5 2. c4 d4 3. g3 Nc6 4. d3 e5 5. Bg2 Nf6 6. O-O a5 7. e3 Be7 8. Na3 O-O
9. exd4 exd4 10. Nb5 Bf5 11. b3 Bc5 12. Bb2 Re8 13. a3 Qd7 14. Qd2 Re7 15. Rfe1
Rae8 16. Rxe7 Rxe7 17. Re1 Rxe1+ 18. Nxe1 h6 19. h4 Ng4 20. Nf3 Nge5 21. Nxe5
Nxe5 22. b4 c6 23. bxc5 cxb5 24. cxb5 Qxb5 25. f4 Nc6 26. Bxc6 bxc6 27. Bxd4
Qxd3 28. Qxd3 Bxd3 29. Kf2 h5 30. Ke3 1/2-1/2

[Event "Isle of Man Open"]
[Site "Douglas"]
[Date "26.10.2018"]
[Round "7.69"]
[White "Paterek, Michal"]
[Black "Lorscheid, Gerhard"]
[Result "1-0"]
[WhiteTitle "FM"]
[BlackTitle "FM"]
[WhiteElo "2311"]
[BlackElo "2205"]
[WhiteFideId "1116142"]
[BlackFideId "4606000"]
[EventDate "2018.10.20"]

1. d4 d5 2. c4 c6 3. Nc3 Nf6 4. e3 a6 5. Qc2 g6 6. Bd3 Bg7 7. Nf3 O-O 8. O-O b5
9. b3 Be6 10. c5 Qc8 11. Nh4 Ne8 12. f4 f5 13. Bd2 a5 14. g4 fxg4 15. f5 Bf6 16.
fxg6 h5 17. Be1 Ng7 18. Bg3 Na6 19. a3 Qd7 20. Ng2 Bg5 21. Be5 Bf5 22. e4 dxe4
23. Nxe4 Bxe4 24. Bxe4 Nc7 25. Rf7 Bh6 26. Qd2 1-0